Регионална библиотека "Любен Каравелов" - Русе

Страните в света 2004 (Запис номер 111435)

MARC детайли
000 -Лидер
Контролно поле с фиксирана дължина 02181nam a2200409 c 4500
003 - Код на организацията, давaща контролен номер
Контролно поле BLK
005 - Дата и час на последна редакция
Контролно поле 20180422110029.0
008 - Елементи от данни с фиксирана дължина
fixed length control field 180409b bul|||||r ||||||| ||bul||
010 ## - Наследен системен номер
LC control number KNG00116780000
020 ## - Международен стандартен номер на книга ISBN
Международен стандартен номер на книга ISBN 954-90833-5-7
-- издат.: Глория Палас
040 ## - Източник на каталожния запис
Идентификатор на билиотеката - собственик на записа BLK
041 ## - Код за език
Код за езика на текст/звукозапис или на отделно заглавие Български
Код за езика КДБФ Български
080 ## - УДК
Текстов определител УДК Регионална география
УДК код - определител по УДК 913
УДК определител (035)
УДК - код + определител 913(035)
080 ## - УДК
Текстов определител УДК Социография. Социално положение. Условия на политическия и социалния живот. Социално и социално-икономическо положение на отделните страни, народи, раси. Социална география. (Общи въпроси)
УДК код - определител по УДК 308
УДК определител (100)(035)
УДК - код + определител 308(100)(035)
100 1# - Редна дума - Автор
Автор Луканов, Ангел Георгиев
Авторска отговорност първи автор
R(LIN) 373684
139 ## - Редно поле
Редна дума Луканов, Ангел Георгиев и др.
Авторски знак Лук - Л 86
245 10 - Сведения за заглавието
Заглавие Страните в света 2004
Подзаглавни данни Справочник
Редно поле (дума) Ангел Георгиев Луканов; съавт. Николай Александров Божинов; съавт. Стефан Михайлов Димитров.
250 ## - Област на изданието
Сведения за изданието 4. прераб. и доп. изд.
257 ## - Страна на издаване
Страна на създаване/издаване България
260 ## - Област на издателските данни
-- София
Име на издателя, разпространителя и проч. Глория Палас
Година на издаване 2004
Печатница София : Образование и наука
300 ## - Физическа характеристика
Страници 520 с.
Илюстрации и др. с цв. к., ил.
Размери/Мащаб 24 см
380 ## - Жанр
Жанр География
500 ## - Общи забележки
Забележка Офс. изд. - Азб. указател.
650 #4 - Допълнително описание по предмет – тема
Основно описание – тема или топоним География - енциклопедии, речници и справочници
9 (RLIN) 247483
650 #4 - Допълнително описание по предмет – тема
Основно описание – тема или топоним Страните в света - справочници и енциклопедии
9 (RLIN) 172506
653 ## - Ключова дума – ненормативна
Ключова дума социография
653 ## - Ключова дума – ненормативна
Ключова дума странознание
653 ## - Ключова дума – ненормативна
Ключова дума география
653 ## - Ключова дума – ненормативна
Ключова дума справочници
700 1# - Други автори (авторска отговорност)
Лично име Божинов, Николай Александров
Автороска отговорност (Описва отношението между автора и произведението) съавт.
9 (RLIN) 371806
700 1# - Други автори (авторска отговорност)
Лично име Димитров, Стефан Михайлов
Автороска отговорност (Описва отношението между автора и произведението) съавт.
9 (RLIN) 261053
852 ## - Местоположение
Форматна сигнатура Цб 222113
856 4# - Електронен адрес и достъп
Електронен формат pdf - файл
Път до файла /url/
856 4# - Електронен адрес и достъп
Електронен формат pdf - файл
Път до файла /url/
942 ## - АРТИКУЛИ
Вид на библиотечния материал Книги
Скрит в OPAC Не
944 ## - СЪЗДАВАНЕ И РЕДАКЦИЯ на ЗАПИСА
Създаване/Редакция Създаване
Дата на регистрацията/редакция 03.01.2005
Служител, извършил регистрацията/редакцията Наталия_Медовщикова
944 ## - СЪЗДАВАНЕ И РЕДАКЦИЯ на ЗАПИСА
Създаване/Редакция Редакция
Дата на регистрацията/редакция 05.02.2009
Служител, извършил регистрацията/редакцията
999 ## - СИСТЕМНИ КОНТРОЛНИ НОМЕРА
Koha biblionumber 111435
Koha biblioitemnumber 111435
Наличности
Код за отписване Код за изгубен артикул Код за повреда Коз за рестрикции Код за отдаване Артикулен № Име на библиотеката - собственик Име на библиотеката, в която се намира в момента Статус (Текущо местоположение) Дата на вписване в системата Местоположение - отдел Цена в лева Инвентарен номер Систематично азбучна сигнатура Баркод Номер на екземпляра Цена в евро Служебна бележка Служебен тип на артикула
  Не е изгубен Не е повреден без рестрикции ползва се в читалня 178944 Регионална библиотека "Любен Каравелов" Русе Регионална библиотека "Любен Каравелов" Русе Хранилище 2004-12-30 Основен фонд - ползва се само за читалня 16.97 120000690870 Цб 222113 120000690870 1 8.68 Дост: Pk Вид: Ф N: 8896 Дата: 29.12.2004 Книги
Изтеглен Не е изгубен Не е повреден без рестрикции заемане за дома 178945 Регионална библиотека "Любен Каравелов" Русе Регионална библиотека "Любен Каравелов" Русе Заемна - подръчен фонд 2005-02-07 Заемна - подръчен фонд 17.00 120000691592 П 914/919/Л 86 120000691592 2 8.69 Дост: Pk Вид: Ф N: 8899 Дата: 03.02.2005 Дата инв: 07.02.2018 Бележки инв: П2018 Книги
Vip Innovations Ltd, Rousse, Bulgaria 2025